| 000 | 01034nam a2200313 i 4500 | ||
|---|---|---|---|
| 001 | 000048776 | ||
| 003 | DO-SdBNP | ||
| 005 | 20250718140823.0 | ||
| 007 | ta | ||
| 008 | 190412s2016 dr 000 0 spa d | ||
| 020 | _a9788460879251 | ||
| 040 |
_aDO-SdBNP _bspa _cBNPHU _erda |
||
| 041 | _aspa | ||
| 082 | 4 |
_axxx _bN964e _222 |
|
| 100 | 1 |
_aNúñez, Lilian _eautor _976231 _4aut. |
|
| 245 | 1 | 0 |
_aEntre ríos de tintas / _cLilian Núñez. |
| 250 | _aPrimera edición | ||
| 264 |
_aEspaña : _bSolenodonte, _bMínimas, _c2016. |
||
| 300 |
_a56 páginas ; _c21 cm. |
||
| 336 |
_atexto _bn _2rdacontent |
||
| 337 |
_asin mediación _bnc _2rdamedia |
||
| 338 |
_avolumen _bnc _2rdacarrier |
||
| 490 | 1 | _aEdiciones de ACUDEBI; | |
| 500 | _aIncluye datos biográficos de la autora en la solapa de la cubierta | ||
| 500 | _aLa Asociación Cultural y de Cooperación al Desarrollo de la Biblioteca República Dominicana (ACUDEBI). | ||
| 590 | _aInventariado, 2019/ YL | ||
| 830 | 0 |
_aEdiciones de ACUDEBI _976232 |
|
| 942 |
_2ddc _cLBS1 |
||
| 999 |
_c48264 _d48264 |
||